[Event "Campeonato de Australia 2007-2008"]
[Site "Parramatta AUS"]
[Date "2008.01.04"]
[Round "4.12"]
[White "Xie, George"]
[Black "Stojic, Dusan"]
[Result "1-0"]
[WhiteElo "2413"]
[BlackElo "2155"]
[PlyCount "57"]
[EventDate "2008.01.02"]
[EventType "swiss"]
[EventRounds "11"]
[EventCountry "AUS"]
[Source "lmi"]
[SourceDate "2008.01.02"]

1. e4 c5 2. Nc3 d6 3. f4 Nc6 4. Nf3 g6 5. Bb5 Bd7 6. a4 Bg7 7. O-O Nd4 8. Bc4
Nh6 9. h3 O-O 10. d3 Kh8 11. Be3 f5 12. e5 Nxf3+ 13. Qxf3 Bc6 14. Bd5 Bxd5 15.
Qxd5 b6 16. a5 dxe5 17. fxe5 e6 18. Qxe6 f4 19. Bd2 Qd4+ 20. Kh1 f3 21. Ra4
fxg2+ 22. Kxg2 Qd8 23. Rxf8+ Qxf8 24. Bxh6 Bxh6 25. axb6 axb6 26. Rxa8 Qxa8+
27. Qd5 Qc8 28. e6 Bg7 29. Ne4 1-0

[Event "Campeonato de Australia 2007-2008"]
[Site "Parramatta AUS"]
[Date "2008.01.04"]
[Round "4.13"]
[White "Yadao, Israel"]
[Black "Bird, Andrew"]
[Result "1/2-1/2"]
[WhiteElo "2266"]
[BlackElo "2148"]
[PlyCount "86"]
[EventDate "2008.01.02"]
[EventType "swiss"]
[EventRounds "11"]
[EventCountry "AUS"]
[Source "lmi"]
[SourceDate "2008.01.02"]

1. e4 c5 2. Nf3 d6 3. d4 cxd4 4. Nxd4 Nf6 5. Nc3 Nc6 6. Bc4 Na5 7. Be2 e6 8.
O-O a6 9. f4 b5 10. e5 dxe5 11. fxe5 Nd7 12. Bf3 Ra7 13. Bf4 Bb7 14. Kh1 Qb6
15. Bxb7 Rxb7 16. Nf3 Be7 17. Ne4 Nc4 18. Qc1 Qc6 19. Re1 O-O 20. b3 Ncb6 21.
Bg5 Bxg5 22. Qxg5 h6 23. Qd2 Rc7 24. Rac1 Nc5 25. Nf6+ Kh8 26. Nd4 Qa8 27. Re3
g5 28. Rh3 Kg7 29. Qe2 Nd5 30. Rxh6 Rh8 31. Rxh8 Qxh8 32. Nxd5 exd5 33. Qf3 Ne4
34. Rf1 Kg8 35. Qg4 Qxe5 36. Nf3 Qg7 37. Qf5 g4 38. Ne5 Rxc2 39. Nxg4 Kh8 40.
Qh5+ Qh7 41. Qe5+ Qg7 42. Qh5+ Qh7 43. Qe5+ Qg7 1/2-1/2

[Event "Campeonato de Australia 2007-2008"]
[Site "Parramatta AUS"]
[Date "2008.01.04"]
[Round "4.14"]
[White "Suttor, Vincent"]
[Black "Yu, Ronald"]
[Result "0-1"]
[WhiteElo "2139"]
[BlackElo "2212"]
[PlyCount "80"]
[EventDate "2008.01.02"]
[EventType "swiss"]
[EventRounds "11"]
[EventCountry "AUS"]
[Source "lmi"]
[SourceDate "2008.01.02"]

1. d4 g6 2. c4 Bg7 3. Nc3 c5 4. d5 Bxc3+ 5. bxc3 f5 6. g4 fxg4 7. h3 g3 8. fxg3
Nf6 9. Bg2 d6 10. e4 Nbd7 11. Qc2 Qa5 12. Bf4 Nb6 13. Qd3 Qa4 14. Bf1 Bd7 15.
Be2 O-O-O 16. Bh6 Rhe8 17. Bg5 Ng8 18. Nf3 h6 19. Be3 e6 20. Nd2 Rf8 21. g4
Rde8 22. Rh2 g5 23. h4 exd5 24. cxd5 Nf6 25. hxg5 hxg5 26. c4 Bxg4 27. Bxg5
Bxe2 28. Rxe2 Nfd7 29. Qb3 Ne5 30. O-O-O Qa6 31. Rh1 Nbxc4 32. a4 Nxd2 33. Rxd2
Rf3 34. Qb5 Qxb5 35. axb5 Nd3+ 36. Kc2 Nb4+ 37. Kb2 Rxe4 38. Rh8+ Kc7 39. Bd8+
Kd7 40. Rdh2 Nxd5 0-1

[Event "Campeonato de Australia 2007-2008"]
[Site "Parramatta AUS"]
[Date "2008.01.04"]
[Round "4.15"]
[White "Hu, Jason"]
[Black "Hacche, David"]
[Result "1-0"]
[WhiteElo "2120"]
[BlackElo "2182"]
[PlyCount "115"]
[EventDate "2008.01.02"]
[EventType "swiss"]
[EventRounds "11"]
[EventCountry "AUS"]
[Source "lmi"]
[SourceDate "2008.01.02"]

1. d4 Nf6 2. Nf3 c5 3. e3 g6 4. Be2 Bg7 5. O-O O-O 6. c3 b6 7. b4 Qc7 8. Nbd2
Bb7 9. bxc5 bxc5 10. Rb1 d6 11. Ba3 cxd4 12. cxd4 Bd5 13. Qa4 Qd7 14. Bb5 Qf5
15. Bc4 Nbd7 16. Bxd5 Qxd5 17. Rb2 Nb6 18. Qa6 Rfc8 19. h3 h5 20. Re1 Nc4 21.
Nxc4 Qxc4 22. Qb7 Qa4 23. Rb3 Nd7 24. Qe4 Bf6 25. g4 hxg4 26. hxg4 Qa5 27. Reb1
Nb6 28. g5 Bg7 29. Kg2 Nc4 30. Qd3 Qf5 31. Qxf5 gxf5 32. Bc1 Rc7 33. Bd2 Rac8
34. Be1 e6 35. Rb7 Bf8 36. d5 Bg7 37. Rb8 Nb6 38. Rxc8+ Rxc8 39. dxe6 fxe6 40.
Ba5 Nc4 41. Be1 Nb2 42. Bb4 d5 43. Ba3 Rc2 44. Bxb2 Rxb2 45. Rxb2 Bxb2 46. Nd4
Kf7 47. f4 Bc1 48. Kf3 Bd2 49. Ke2 Ba5 50. Kd3 Bc7 51. Nc6 Bb6 52. a4 Bc5 53.
a5 Kg6 54. a6 Kf7 55. Ke2 Bb6 56. Kd3 Bc5 57. Nd8+ Ke7 58. g6 1-0

[Event "Campeonato de Australia 2007-2008"]
[Site "Parramatta AUS"]
[Date "2008.01.04"]
[Round "4.16"]
[White "Charles, Gareth"]
[Black "Morris, James"]
[Result "1-0"]
[WhiteElo "2180"]
[BlackElo "2096"]
[PlyCount "131"]
[EventDate "2008.01.02"]
[EventType "swiss"]
[EventRounds "11"]
[EventCountry "AUS"]
[Source "lmi"]
[SourceDate "2008.01.02"]

1. d4 Nf6 2. Nf3 c5 3. c3 d5 4. Bg5 Ne4 5. Bf4 Nc6 6. Nbd2 Bf5 7. e3 e6 8. Be2
Qb6 9. Qb3 c4 10. Qxb6 axb6 11. a3 Be7 12. Nxe4 Bxe4 13. O-O h6 14. Nd2 Bh7 15.
e4 g5 16. Bg3 f5 17. exd5 exd5 18. f4 g4 19. Rfe1 O-O-O 20. h3 h5 21. h4 Bf6
22. Bf2 Rhe8 23. Bf1 b5 24. g3 Bg8 25. Bg2 Kd7 26. Nf1 Kd6 27. Ne3 Be6 28. Re2
Ra8 29. Rae1 Re7 30. Rd2 Rae8 31. Bf1 Bc8 32. Bg2 Be6 33. Red1 Nb8 34. Re2 Bd7
35. Kf1 Be6 36. Ke1 Nc6 37. Kd2 Na5 38. Rde1 Nb3+ 39. Kd1 Na5 40. Kc2 Nb3 41.
Rd1 Bd7 42. Ree1 Be6 43. Kb1 b6 44. Re2 b4 45. cxb4 b5 46. Nc2 Bf7 47. Rxe7
Rxe7 48. Ne3 Nxd4 49. Rxd4 Bxd4 50. Nxf5+ Kd7 51. Nxd4 Bg6+ 52. Kc1 Be4 53. Bf1
Bf3 54. Kd2 Re4 55. Nxb5 Kc6 56. Nd4+ Kd6 57. b5 Re8 58. f5 Be4 59. Kc3 Ke5 60.
a4 Bxf5 61. a5 Bc8 62. Bg2 Kd6 63. b3 Rf8 64. Be3 Re8 65. Bf4+ Kc5 66. b4# 1-0

[Event "Campeonato de Australia 2007-2008"]
[Site "Parramatta AUS"]
[Date "2008.01.04"]
[Round "4.17"]
[White "Pyke, Malcolm"]
[Black "Malik, Hani"]
[Result "1-0"]
[WhiteElo "2191"]
[BlackElo "2009"]
[PlyCount "83"]
[EventDate "2008.01.02"]
[EventType "swiss"]
[EventRounds "11"]
[EventCountry "AUS"]
[Source "lmi"]
[SourceDate "2008.01.02"]

1. d4 g6 2. Nf3 Bg7 3. g3 Nf6 4. Bg2 c5 5. c3 cxd4 6. cxd4 Nc6 7. Nc3 d6 8. O-O
O-O 9. h3 Bd7 10. d5 Na5 11. Nd4 Rc8 12. e3 Qb6 13. Nde2 Ne8 14. Qd3 Nc7 15.
Re1 Nb5 16. Nd1 Nc4 17. a4 Qa5 18. Rf1 Ne5 19. Qb3 Qa6 20. e4 Nc4 21. Bg5 h6
22. Bc1 Kh7 23. Ne3 Nd4 24. Nxd4 Bxd4 25. Rd1 Nxe3 26. Bxe3 Bxe3 27. Qxe3 Rc2
28. b3 Rfc8 29. Qf4 f6 30. Rdc1 Qb6 31. Rab1 Rxc1+ 32. Rxc1 Qxb3 33. Rxc8 Bxc8
34. Qc1 Bd7 35. Qc7 Qxa4 36. Qd8 g5 37. Qxe7+ Kg6 38. Qxd6 Qa1+ 39. Kh2 Be8 40.
Qf8 Qe5 41. Qg8+ Kh5 42. Bf3+ 1-0

[Event "Campeonato de Australia 2007-2008"]
[Site "Parramatta AUS"]
[Date "2008.01.04"]
[Round "4.18"]
[White "Morris, Michael"]
[Black "Wei, Michael"]
[Result "1-0"]
[WhiteElo "1985"]
[BlackElo "2139"]
[PlyCount "95"]
[EventDate "2008.01.02"]
[EventType "swiss"]
[EventRounds "11"]
[EventCountry "AUS"]
[Source "lmi"]
[SourceDate "2008.01.02"]

1. e4 c5 2. Nf3 Nc6 3. Bb5 e6 4. O-O Nge7 5. Re1 a6 6. Bf1 d5 7. exd5 Nxd5 8.
d4 Nf6 9. Be3 Be7 10. Nc3 cxd4 11. Nxd4 Nxd4 12. Qxd4 Qxd4 13. Bxd4 O-O 14. Be2
Bd7 15. Bf3 Bc6 16. Bxc6 bxc6 17. Na4 Rfd8 18. Rad1 Kf8 19. Kf1 Rab8 20. b3 Nd5
21. c3 Rbc8 22. Be5 f6 23. Bg3 e5 24. Rd3 Kf7 25. f3 Rc7 26. Nb2 Rcd7 27. Nc4
Nf4 28. Rxd7 Rxd7 29. Bxf4 exf4 30. Ke2 Bc5 31. Rd1 Rd5 32. Rxd5 cxd5 33. Nb2
Bg1 34. h3 Bc5 35. Nd3 Bd6 36. Nb4 d4 37. Nxa6 dxc3 38. Kd3 Be5 39. Nc5 Ke7 40.
Ne4 Kd7 41. Nxc3 Kc6 42. b4 g5 43. Kc4 h5 44. a4 f5 45. Nd5 Kd6 46. a5 g4 47.
a6 Kc6 48. b5+ 1-0

[Event "Campeonato de Australia 2007-2008"]
[Site "Parramatta AUS"]
[Date "2008.01.04"]
[Round "4.19"]
[White "Capilitan, Romeo"]
[Black "Atzmon-Simon, Barak"]
[Result "1/2-1/2"]
[WhiteElo "2134"]
[BlackElo "2142"]
[PlyCount "87"]
[EventDate "2008.01.02"]
[EventType "swiss"]
[EventRounds "11"]
[EventCountry "AUS"]
[Source "lmi"]
[SourceDate "2008.01.02"]

1. Nf3 Nf6 2. c4 c5 3. Nc3 Nc6 4. g3 d5 5. cxd5 Nxd5 6. Bg2 Nc7 7. O-O e5 8. d3
Rb8 9. Be3 Ne6 10. Rc1 Qd7 11. Ne4 b6 12. Neg5 h6 13. Nxe6 Qxe6 14. a3 Bd7 15.
Nd2 g5 16. Ne4 f5 17. Nc3 Ne7 18. b4 cxb4 19. axb4 Bc6 20. b5 Bxg2 21. Kxg2 Nd5
22. Kg1 Nxe3 23. fxe3 Bc5 24. d4 exd4 25. exd4 Rd8 26. e3 Qxe3+ 27. Kg2 Rxd4
28. Qh5+ Kd8 29. Qf7 Qe7 30. Rxf5 Qxf7 31. Rxf7 Rf8 32. Rxf8+ Bxf8 33. Kf3 Bg7
34. Ke3 Rb4 35. Nd5 Rxb5 36. Ke4 Rc5 37. Rf1 Rc4+ 38. Kf5 Rd4 39. Ke6 Re4+ 40.
Kd6 Be5+ 41. Kc6 Rc4+ 42. Kb7 Rd4 43. Kc6 Rc4+ 44. Kb7 1/2-1/2

[Event "Campeonato de Australia 2007-2008"]
[Site "Parramatta AUS"]
[Date "2008.01.04"]
[Round "5.1"]
[White "Solomon, Stephen J"]
[Black "Antic, Dejan"]
[Result "1/2-1/2"]
[WhiteElo "2468"]
[BlackElo "2480"]
[PlyCount "47"]
[EventDate "2008.01.02"]
[EventType "swiss"]
[EventRounds "11"]
[EventCountry "AUS"]
[Source "lmi"]
[SourceDate "2008.01.02"]

1. e4 e6 2. d4 d5 3. Nd2 Be7 4. Bd3 c5 5. dxc5 Nf6 6. Ngf3 dxe4 7. Nxe4 Nxe4 8.
Bxe4 Qxd1+ 9. Kxd1 Bxc5 10. Ke2 Nd7 11. Be3 Bxe3 12. Kxe3 Nc5 13. Ne5 Nxe4 14.
Kxe4 b6 15. f4 Bb7+ 16. Ke3 Rc8 17. c3 f6 18. Nf3 Ke7 19. Rad1 Rhd8 20. Rhe1
Rxd1 21. Rxd1 h6 22. h4 Rc5 23. Rd4 Rc4 24. Rd1 1/2-1/2

[Event "Campeonato de Australia 2007-2008"]
[Site "Parramatta AUS"]
[Date "2008.01.04"]
[Round "5.2"]
[White "Van Riemsdijk, Herman Claudius"]
[Black "Johansen, Darryl Keith"]
[Result "1/2-1/2"]
[WhiteElo "2391"]
[BlackElo "2475"]
[PlyCount "36"]
[EventDate "2008.01.02"]
[EventType "swiss"]
[EventRounds "11"]
[EventCountry "AUS"]
[Source "lmi"]
[SourceDate "2008.01.02"]

1. e4 c5 2. Nf3 e6 3. d4 cxd4 4. Nxd4 a6 5. Nc3 b5 6. Bd3 Qb6 7. Nb3 Bb7 8. a4
b4 9. a5 Qc7 10. Na4 Nf6 11. Nb6 Ra7 12. Qe2 d5 13. e5 Nfd7 14. f4 d4 15. Nxd7
Qxd7 16. O-O g6 17. Qf2 Nc6 18. Nd2 Be7 1/2-1/2

[Event "Campeonato de Australia 2007-2008"]
[Site "Parramatta AUS"]
[Date "2008.01.04"]
[Round "5.3"]
[White "Sales, Jesse Noel"]
[Black "Lane, Gary William"]
[Result "1-0"]
[WhiteElo "2126"]
[BlackElo "2412"]
[PlyCount "147"]
[EventDate "2008.01.02"]
[EventType "swiss"]
[EventRounds "11"]
[EventCountry "AUS"]
[Source "lmi"]
[SourceDate "2008.01.02"]

1. Nf3 Nf6 2. c4 g6 3. Nc3 Bg7 4. e4 d6 5. d4 O-O 6. Be2 e5 7. O-O Na6 8. Be3
Ng4 9. Bg5 Qe8 10. c5 f6 11. Bxa6 bxa6 12. Nd5 Qf7 13. cxd6 cxd6 14. dxe5 dxe5
15. Rc1 fxg5 16. Rc7 Qe8 17. Re7 Qd8 18. Qb3 Kh8 19. Nxg5 Nh6 20. h3 Qd6 21.
Rc1 Rb8 22. Rcc7 Qxc7 23. Rxc7 Rxb3 24. axb3 Rd8 25. g3 Bd7 26. f4 exf4 27.
gxf4 Bd4+ 28. Kg2 Bb6 29. Rb7 Kg8 30. Rxd7 Rxd7 31. Nf6+ Kh8 32. Nxd7 Bd4 33.
Nb8 Bxb2 34. Nxa6 Ng8 35. Kf3 Ne7 36. Nb4 a5 37. Nd3 Bc3 38. e5 Nc6 39. Ne6 Kg8
40. Ke4 Ne7 41. Ndc5 h6 42. Na4 Be1 43. Nb6 Kf7 44. Nd4 Bd2 45. Nc4 Bb4 46. Ne3
Bd2 47. e6+ Kf6 48. Ng4+ Kg7 49. f5 Bg5 50. Ne5 gxf5+ 51. Nxf5+ Kf6 52. Nxe7
Kxe7 53. Kd5 Bd2 54. Nc6+ Ke8 55. Kc5 h5 56. Kd5 h4 57. Ke4 Be1 58. Kf5 Bd2 59.
Ne5 Be1 60. Ng6 Bf2 61. Kg4 Kd8 62. Kg5 Ke8 63. Kf5 Be1 64. Kf4 Bf2 65. Ke5 Be1
66. Kd5 Bf2 67. Ne5 Be1 68. Nc4 Ke7 69. Nd6 Kf6 70. Nf5 Bg3 71. Nd4 Be1 72. Kd6
Bb4+ 73. Kd7 Bf8 74. Nf3 1-0

[Event "Campeonato de Australia 2007-2008"]
[Site "Parramatta AUS"]
[Date "2008.01.04"]
[Round "5.4"]
[White "Boyd, Tristan"]
[Black "Ly, Moulthun"]
[Result "1/2-1/2"]
[WhiteElo "2270"]
[BlackElo "2319"]
[PlyCount "50"]
[EventDate "2008.01.02"]
[EventType "swiss"]
[EventRounds "11"]
[EventCountry "AUS"]
[Source "lmi"]
[SourceDate "2008.01.02"]

1. d4 Nf6 2. c4 e6 3. Nc3 Bb4 4. e3 b6 5. Nge2 Ba6 6. a3 Bxc3+ 7. Nxc3 d5 8. b3
dxc4 9. Bxc4 Bxc4 10. bxc4 O-O 11. O-O Nc6 12. Bb2 Na5 13. Qe2 Qc8 14. Rac1 c6
15. Nb1 c5 16. Nd2 Re8 17. dxc5 Qxc5 18. Bxf6 gxf6 19. Qg4+ Kh8 20. Qh4 Qg5 21.
Qxg5 fxg5 22. c5 Red8 23. Ne4 Nb3 24. Rc3 Nxc5 25. Nxc5 bxc5 1/2-1/2

[Event "Campeonato de Australia 2007-2008"]
[Site "Parramatta AUS"]
[Date "2008.01.04"]
[Round "5.5"]
[White "Goldenberg, Igor"]
[Black "Hamilton, Douglas"]
[Result "1-0"]
[WhiteElo "2395"]
[BlackElo "2229"]
[PlyCount "67"]
[EventDate "2008.01.02"]
[EventType "swiss"]
[EventRounds "11"]
[EventCountry "AUS"]
[Source "lmi"]
[SourceDate "2008.01.02"]

1. c4 c5 2. Nf3 Nc6 3. g3 g6 4. Bg2 Bg7 5. O-O Nf6 6. Nc3 O-O 7. d4 cxd4 8.
Nxd4 a6 9. e3 Qc7 10. b3 d6 11. Bb2 Bd7 12. Qd2 Rfc8 13. Rfe1 Rab8 14. e4 Qd8
15. Rad1 Qf8 16. h3 h5 17. f4 Be8 18. Nf3 Rd8 19. Nd5 Nd7 20. Bxg7 Qxg7 21. b4
e6 22. Nc7 Nf6 23. b5 axb5 24. cxb5 Ne7 25. e5 Nfd5 26. Nxe8 Rxe8 27. exd6 Nf5
28. Ne5 Red8 29. d7 Nfe7 30. a4 f6 31. Nc4 Rxd7 32. Rxe6 Nb6 33. Qxd7 Nxd7 34.
Rxd7 1-0

[Event "Campeonato de Australia 2007-2008"]
[Site "Parramatta AUS"]
[Date "2008.01.04"]
[Round "5.6"]
[White "Chow, Samuel"]
[Black "Bjelobrk, Igor"]
[Result "1/2-1/2"]
[WhiteElo "2240"]
[BlackElo "2380"]
[PlyCount "24"]
[EventDate "2008.01.02"]
[EventType "swiss"]
[EventRounds "11"]
[EventCountry "AUS"]
[Source "lmi"]
[SourceDate "2008.01.02"]

1. d4 f5 2. Bg5 c6 3. e3 Qb6 4. Qc1 g6 5. Nd2 Bg7 6. c3 d6 7. e4 Nf6 8. Bd3
Nxe4 9. Nxe4 fxe4 10. Bxe4 Nd7 11. Qc2 Nf6 12. Bd3 O-O 1/2-1/2

[Event "Campeonato de Australia 2007-2008"]
[Site "Parramatta AUS"]
[Date "2008.01.04"]
[Round "5.7"]
[White "Rej, Tomek"]
[Black "Klein, Felix"]
[Result "1-0"]
[WhiteElo "2283"]
[BlackElo "2205"]
[PlyCount "85"]
[EventDate "2008.01.02"]
[EventType "swiss"]
[EventRounds "11"]
[EventCountry "AUS"]
[Source "lmi"]
[SourceDate "2008.01.02"]

1. d4 d5 2. c4 e6 3. Nc3 c6 4. Nf3 dxc4 5. a4 Bb4 6. e3 b5 7. Bd2 a5 8. axb5
Bxc3 9. Bxc3 cxb5 10. b3 Bb7 11. bxc4 b4 12. Bb2 Nf6 13. Bd3 O-O 14. O-O Nbd7
15. Nd2 Qc7 16. Bc2 Rfc8 17. Rc1 Bc6 18. e4 e5 19. d5 Bb7 20. Nf3 Re8 21. Ba4
Qc5 22. Ne1 Rec8 23. Nd3 Qd6 24. f4 Nxe4 25. fxe5 Qb6+ 26. Kh1 Ndc5 27. Nxc5
Nxc5 28. Bc2 Qh6 29. Rf3 b3 30. Bxb3 Rab8 31. Bc2 Qh5 32. Qd2 Bxd5 33. cxd5
Rxb2 34. Bxh7+ Kxh7 35. Qxb2 Qg5 36. Rh3+ Kg8 37. Rxc5 Qg4 38. Rxc8+ Qxc8 39.
Rc3 Qf5 40. Qb8+ Kh7 41. Rh3+ Kg6 42. Qb6+ f6 43. exf6 1-0

[Event "Campeonato de Australia 2007-2008"]
[Site "Parramatta AUS"]
[Date "2008.01.04"]
[Round "5.8"]
[White "Xie, George"]
[Black "Pecori, Ascaro"]
[Result "1-0"]
[WhiteElo "2413"]
[BlackElo "2129"]
[PlyCount "61"]
[EventDate "2008.01.02"]
[EventType "swiss"]
[EventRounds "11"]
[EventCountry "AUS"]
[Source "lmi"]
[SourceDate "2008.01.02"]

1. e4 c6 2. d4 d5 3. f3 e6 4. Nc3 b6 5. Nge2 Ba6 6. Bf4 Bd6 7. Qd2 Ne7 8. O-O-O
Qc7 9. h4 Nd7 10. Kb1 Bxf4 11. Nxf4 Bxf1 12. Rdxf1 O-O-O 13. exd5 exd5 14. Re1
Nf5 15. g4 Nd6 16. b3 Rde8 17. h5 h6 18. Reg1 Qd8 19. a4 Qg5 20. Qh2 Nb7 21.
Nfxd5 cxd5 22. Nb5 Ne5 23. Nxa7+ Kd7 24. dxe5 Qxe5 25. Rd1 Nd6 26. Qxe5 Rxe5
27. f4 Re2 28. Rxd5 Ke6 29. Rhd1 Ne4 30. Re5+ Kf6 31. Rd4 1-0

[Event "Campeonato de Australia 2007-2008"]
[Site "Parramatta AUS"]
[Date "2008.01.04"]
[Round "5.9"]
[White "Yu, Ronald"]
[Black "Canfell, Gregory"]
[Result "1/2-1/2"]
[WhiteElo "2212"]
[BlackElo "2315"]
[PlyCount "63"]
[EventDate "2008.01.02"]
[EventType "swiss"]
[EventRounds "11"]
[EventCountry "AUS"]
[Source "lmi"]
[SourceDate "2008.01.02"]

1. d4 Nf6 2. Nf3 g6 3. g3 Bg7 4. Bg2 O-O 5. O-O d6 6. b3 c5 7. Bb2 Nc6 8. d5
Nb4 9. c4 b5 10. a3 Na6 11. Nc3 bxc4 12. bxc4 Rb8 13. Nb5 Nc7 14. Bxf6 Bxf6 15.
Nxa7 Bd7 16. Rb1 Rxb1 17. Qxb1 Qa8 18. Nc6 Bxc6 19. dxc6 Qxc6 20. Ne5 Qa4 21.
Bc6 Qa6 22. Bb7 Qa4 23. Bc6 Qa6 24. Bb7 Qxa3 25. Nd7 Rd8 26. Nxf6+ exf6 27. Qb6
Ne6 28. Bd5 Qb4 29. Qa7 Qb8 30. Qe7 Re8 31. Qxf6 Qd8 32. Qxd8 1/2-1/2

[Event "Campeonato de Australia 2007-2008"]
[Site "Parramatta AUS"]
[Date "2008.01.04"]
[Round "5.10"]
[White "Ikeda, Junta"]
[Black "Lazarus, Benjamin"]
[Result "0-1"]
[WhiteElo "2201"]
[BlackElo "2123"]
[PlyCount "124"]
[EventDate "2008.01.02"]
[EventType "swiss"]
[EventRounds "11"]
[EventCountry "AUS"]
[Source "lmi"]
[SourceDate "2008.01.02"]

1. e4 e6 2. d4 d5 3. Nc3 Nf6 4. e5 Nfd7 5. f4 c5 6. Nf3 Nc6 7. Be3 cxd4 8. Nxd4
Bc5 9. Qd2 Nxd4 10. Bxd4 a6 11. O-O-O O-O 12. h4 b5 13. Kb1 b4 14. Ne2 a5 15.
h5 Ba6 16. c3 Qc7 17. Rc1 Rfb8 18. g4 Bc4 19. Rh3 Qc6 20. Rd1 Rb7 21. f5 Rab8
22. cxb4 Rxb4 23. Bc3 R4b7 24. Nd4 Qa4 25. Bxc4 Qxc4 26. fxe6 Nxe5 27. Nb3 Bb4
28. Qxd5 Qxd5 29. Rxd5 Bxc3 30. Rxc3 Nxg4 31. Rg5 Nf6 32. exf7+ Kxf7 33. Rcg3
Kf8 34. Rg2 Re8 35. Rxa5 Re1+ 36. Kc2 Rc7+ 37. Kd2 Rh1 38. Rf2 Ke7 39. Re2+ Kf7
40. Rc5 Rxc5 41. Nxc5 Rxh5 42. b4 g5 43. Nd3 Rh1 44. Ke3 Rb1 45. Kd4 h5 46. a4
g4 47. Kc5 g3 48. Ne5+ Kg7 49. Nf3 Kg6 50. a5 Kf5 51. b5 Kf4 52. Ne1 Ne4+ 53.
Kc6 Nc3 54. Ng2+ Kg4 55. Re5 h4 56. a6 h3 57. Ne3+ Kf4 58. Rh5 h2 59. Nf5 Rxb5
60. Rh4+ Kxf5 61. Rh5+ Kg4 62. a7 Rxh5 0-1

[Event "Campeonato de Australia 2007-2008"]
[Site "Parramatta AUS"]
[Date "2008.01.04"]
[Round "5.11"]
[White "Illingworth, Max"]
[Black "Charles, Gareth"]
[Result "1-0"]
[WhiteElo "2201"]
[BlackElo "2180"]
[PlyCount "125"]
[EventDate "2008.01.02"]
[EventType "swiss"]
[EventRounds "11"]
[EventCountry "AUS"]
[Source "lmi"]
[SourceDate "2008.01.02"]

1. d4 Nf6 2. c4 c5 3. d5 e5 4. Nc3 d6 5. e4 Be7 6. g3 O-O 7. Bg2 Nbd7 8. Nge2
Ne8 9. O-O g6 10. Bh6 Ng7 11. Qd2 f5 12. h3 Nf6 13. Kh2 fxe4 14. Nxe4 Nxe4 15.
Bxe4 Bf5 16. Nc3 Qd7 17. Bg2 Qc7 18. Ne4 Rf7 19. Ng5 Bxg5 20. Bxg5 Bd7 21. f4
exf4 22. Rxf4 Rxf4 23. Bxf4 Re8 24. Re1 b5 25. cxb5 Bxb5 26. g4 Rxe1 27. Qxe1
Ne8 28. Bd2 Qf7 29. Bc3 Nc7 30. Qg3 Nxd5 31. Qxd6 Qf4+ 32. Qxf4 Nxf4 33. Be4
Bf1 34. Bd2 Bd3 35. Bb7 Ne2 36. Kg2 c4 37. Kf3 Nd4+ 38. Kf4 Ne6+ 39. Ke5 Nc5
40. Bd5+ Kg7 41. Kd4 Na4 42. b3 Nb6 43. bxc4 Bf1 44. Bf3 Bxc4 45. a3 Be6 46. h4
h6 47. Bf4 Nd7 48. a4 Nf6 49. g5 hxg5 50. hxg5 Nd7 51. a5 Kf8 52. Bd6+ Ke8 53.
Be4 Bf7 54. Bd5 Bxd5 55. Kxd5 Kf7 56. Kc6 Ke6 57. Kc7 a6 58. Kc6 Ne5+ 59. Bxe5
Kxe5 60. Kb6 Kd6 61. Kxa6 Kc6 62. Ka7 Kc7 63. a6 1-0

[Event "Campeonato de Australia 2007-2008"]
[Site "Parramatta AUS"]
[Date "2008.01.04"]
[Round "5.12"]
[White "Hu, Jason"]
[Black "Yadao, Israel"]
[Result "1/2-1/2"]
[WhiteElo "2120"]
[BlackElo "2266"]
[PlyCount "64"]
[EventDate "2008.01.02"]
[EventType "swiss"]
[EventRounds "11"]
[EventCountry "AUS"]
[Source "lmi"]
[SourceDate "2008.01.02"]

1. d4 Nf6 2. Nf3 e6 3. Bf4 d5 4. e3 h6 5. c3 Bd6 6. Bg3 Bxg3 7. hxg3 Nc6 8.
Nbd2 Qe7 9. Bb5 Bd7 10. O-O O-O 11. Re1 a6 12. Ba4 Rad8 13. Qc2 Nb8 14. Bb3 c5
15. a3 Nc6 16. Rad1 Rfe8 17. e4 dxe4 18. Nxe4 cxd4 19. cxd4 Na5 20. Ba2 Rc8 21.
Nc3 Qd6 22. Ne5 Bc6 23. b4 Bd5 24. bxa5 Bxa2 25. Qxa2 Rxc3 26. Qb2 Rc7 27. Qb6
Qe7 28. Rc1 Rec8 29. Rxc7 Rxc7 30. Qb2 Nd5 31. Rc1 Qd8 32. Rxc7 Qxc7 1/2-1/2

[Event "Campeonato de Australia 2007-2008"]
[Site "Parramatta AUS"]
[Date "2008.01.04"]
[Round "5.13"]
[White "Broekhuyse, Paul"]
[Black "Pyke, Malcolm"]
[Result "1-0"]
[WhiteElo "2130"]
[BlackElo "2191"]
[PlyCount "47"]
[EventDate "2008.01.02"]
[EventType "swiss"]
[EventRounds "11"]
[EventCountry "AUS"]
[Source "lmi"]
[SourceDate "2008.01.02"]

1. d4 Nf6 2. c4 g6 3. Nc3 d5 4. cxd5 Nxd5 5. e4 Nxc3 6. bxc3 Bg7 7. Bc4 c5 8.
Ne2 O-O 9. Be3 cxd4 10. cxd4 Nc6 11. O-O Bd7 12. Rb1 Rc8 13. Bd3 b6 14. Qd2 e5
15. d5 Na5 16. Rfc1 Rxc1+ 17. Rxc1 Qb8 18. Ba6 Bc8 19. Qd3 Rd8 20. f3 f6 21.
Bxc8 Rxc8 22. d6 Rd8 23. Qd5+ Kf8 24. Rc7 1-0

[Event "Campeonato de Australia 2007-2008"]
[Site "Parramatta AUS"]
[Date "2008.01.04"]
[Round "5.14"]
[White "Oliver, Gareth"]
[Black "Morris, Michael"]
[Result "1/2-1/2"]
[WhiteElo "2164"]
[BlackElo "1985"]
[PlyCount "87"]
[EventDate "2008.01.02"]
[EventType "swiss"]
[EventRounds "11"]
[EventCountry "AUS"]
[Source "lmi"]
[SourceDate "2008.01.02"]

1. d4 Nf6 2. c4 c5 3. d5 e6 4. Nc3 exd5 5. cxd5 d6 6. e4 g6 7. f4 Bg7 8. Nf3
O-O 9. Be2 Re8 10. Nd2 Nbd7 11. O-O a6 12. a4 Qc7 13. g4 h6 14. h4 Rb8 15. g5
hxg5 16. hxg5 Nh7 17. Bd3 Ndf8 18. a5 Qe7 19. Nf3 f6 20. Qe1 fxg5 21. fxg5 Bh3
22. Rf2 Bg4 23. Nh2 Bh5 24. Rg2 Nd7 25. Qh4 Rf8 26. Be2 Bxc3 27. bxc3 Bxe2 28.
Rxe2 Ne5 29. Kg2 Rf7 30. Be3 Rbf8 31. Rh1 Qd7 32. Qh3 Qe7 33. Ng4 Nxg4 34. Qxg4
Qe5 35. Qe6 Qxe6 36. dxe6 Re7 37. Rb2 Rb8 38. Rhb1 Rxe6 39. Rxb7 Rxb7 40. Rxb7
Rxe4 41. Kf3 Ra4 42. Rb8+ Kf7 43. Rb7+ Kg8 44. Rb8+ 1/2-1/2

[Event "Campeonato de Australia 2007-2008"]
[Site "Parramatta AUS"]
[Date "2008.01.04"]
[Round "5.15"]
[White "Bird, Andrew"]
[Black "Booth, Stewart"]
[Result "1/2-1/2"]
[WhiteElo "2148"]
[BlackElo "2142"]
[PlyCount "66"]
[EventDate "2008.01.02"]
[EventType "swiss"]
[EventRounds "11"]
[EventCountry "AUS"]
[Source "lmi"]
[SourceDate "2008.01.02"]

1. d4 d5 2. Nf3 e6 3. c4 Be7 4. g3 Nf6 5. Bg2 O-O 6. O-O c6 7. Qc2 Re8 8. Nbd2
Nbd7 9. b3 Bd6 10. Bb2 e5 11. cxd5 cxd5 12. dxe5 Nxe5 13. Nxe5 Bxe5 14. Bxe5
Rxe5 15. Nf3 Re7 16. h3 Be6 17. Nd4 Rc8 18. Qb2 a6 19. Rac1 Rec7 20. Rxc7 Qxc7
21. Rd1 Kf8 22. Qd2 h6 23. Qe3 Ke7 24. Kh2 Qc3 25. Nf5+ Kf8 26. Qxc3 Rxc3 27.
Ne3 Ke7 28. g4 Kd6 29. Rd2 Kc5 30. Nc2 a5 31. e3 b5 32. Kg3 g5 33. f3 b4
1/2-1/2